00627pam a2200229 a 45000010009000000050017000090080041000260100017000670200018000840400018001020410008001200420008001280800012001360820012001481000007001601010008001672450097001755040051002729060045003239420012003689990017003801652910620171221085429.0101102s2008 njua b 001 0 eng  a 2010485703 a9780470105832 aDLCcDLCdDLC aeng apcc a51 GAR 251 MUS1 a38 aMAT10aMathematics for elementary teachers :cGary L. Musser, William F. Burger, Blake E. Peterson. aIncludes bibliographical references and index. a7bcbccorigcopd2eocipf20gy-gencatlg 2ddccBK c39287d39287